| 000 | 00598nam a2200217 a 4500 | ||
|---|---|---|---|
| 001 | BRCA_4150 | ||
| 005 | 20190320204549.0 | ||
| 008 | 150410s1938----mx-#######---#000-0#spa-# | ||
| 041 | _aspa | ||
| 044 | _amx | ||
| 050 | 4 |
_aF1391.P8 _b.C47 1938 |
|
| 100 | 1 |
_aCervantes, Enrique A. _d1935- _910718 |
|
| 245 | 1 | 0 |
_aBosquejo del desarrollo de la Ciudad de Puebla _cEnrique A. Cervantes. |
| 260 |
_aMéxico _bM. Casas _c1938 |
||
| 300 |
_a15 p. _c27 cm. |
||
| 500 | _aC179 | ||
| 651 | 4 |
_aPuebla _xHistoria _zMéxico _910719 |
|
| 651 | 4 |
_aMéxico _xDescripción _910720 |
|
| 902 | _aGFM | ||
| 942 |
_2lcc _cB |
||
| 999 |
_c3866 _d3866 |
||